000 01333cam a2200325 a 4500
001 2901
003 FISKH
005 20240122162330.0
008 081107r20091997ilua b 000 1 eng
010 _a 2008047822
020 _a9781444001150
040 _aDLC
_cDLC
_dDLC
_beng
042 _alcac
050 0 0 _aPZ7.S604
_bHrf 2009
082 0 0 _a[Fic]
_222
100 1 _aSimon, Francesca.
245 1 0 _aHorrid Henry tricks the tooth fairy /
_cFrancesca Simon ; illustrated by Tony Ross.
250 _aThis edition published in 2013
260 _aLondon :
_bOrion Books,
_c2001
300 _a76 pages :
_bcolor illustrations ;
_c20 cm.
505 _aJ
520 _aEarly Readers are stepping stones from picture books to reading books. A blue Early Reader is perfect for sharing and reading together. A red Early Reader is the next step on your reading journey. Horrid Henry can't stand it when Perfect Peter loses a tooth before him. Why should Peter get a pound from the Tooth Fairy and not Henry? And then Henry has a brilliant idea. He will trick the Tooth Fairy.
521 _a450
_bLexile
521 _aJ
_bRaz-Plus
650 1 _aBehavior
_vFiction.
650 1 _aHumorous stories.
700 1 _aRoss, Tony,
_eillustrator
906 _a7
_bcbc
_corignew
_d1
_eecip
_f20
_gy-gencatlg
942 _2ddc
_cBK
_n0
999 _c2901
_d2901